000 01238nam a2200265 i 4500
001 185417
003 ES-MaACL
005 20260407134413.0
008 160601s1919 sp |||| | spa d
100 1 _aBeltrán y Rózpide, Ricardo.
_927381
245 1 0 _aNuevas nacionalidades en Europa :
_bestudio geográfico-político con un mapa /
_cpor Ricardo Beltrán y Rózpide.
260 _a[S.l. :
_bs.n.],
_c1919 (
_eMadrid :
_fImp. del Patronato de Huérfanos de Intendencia e Intervención Militares)
300 _a55 p., [1] h. pleg. de mapa ;
_c24 cm.
490 1 _aPublicaciones de la Real Sociedad Geográfica
530 _aDisponible en formato digital.
650 4 _aGuerra mundial, 1914-1918-
_xCuestiones territoriales.
_9151885
651 4 _aEuropa-
_xGeografia política.
_9151886
710 2 _aReal Sociedad Geográfica
_96403
710 2 _aPatronato de Huérfanos de Intendencia e Intervención Militares.
_96172
830 1 _aPublicaciones de la Real Sociedad Geográfica
_9182474
852 _aES-MaACL
_j1572-F-16
_9192452
_cDEPOF
_zRevisado enlace: 28 de Marzo de 2025.
856 4 _uhttp://bdh-rd.bne.es/viewer.vm?id=0000079683&page=1
_yBiblioteca Digital Hispánica
942 _2udc
999 _c185417
_d185417